| 000 | 00392nam a2200169Ia 4500 | ||
|---|---|---|---|
| 005 | 20250423094632.0 | ||
| 008 | 250422s9999 xx 000 0 und d | ||
| 020 | _a9789789539499 | ||
| 050 | _aDT 515.53 .O46/ | ||
| 100 | _aOmoboriowo, Bayo | ||
| 245 | 0 | _aBuhari: a new beginning | |
| 260 | _aNigeria | ||
| 260 | _bJohn Tripod Media | ||
| 260 | _c2016 | ||
| 300 | _a313 p | ||
| 942 | _cBK | ||
| 999 |
_c27837 _d27837 |
||